00848nam a2200229 a 450000100060000000300080000600500170001400800410003103500190007204000270009104100080011808200260012610000280015224500630018026000480024330000270029150400510031865100580036994200120042799900170043995201620045663814BD-RjUL20211209081233.0040217s1994 ii b 001 0 eng  a(BD-RjUL)63944 aDLCcDLCbengdBD-RjUL aeng00a320.954223bCHI 19941 aChandra, Bipan.918943710aIdeology and politics in modern India /cby Bipan Chandra. aNew Delhi :bHar-Anand Publications,c1994. axiii, 329 p. ;c22 cm. aIncludes bibliographical references and index. 0aIndiaxPolitics and governmenty20th century.9176345 2ddccBK c63814d63814 00102ddc40718NFICaRUCLbRUCLcReadingd1997-06-25eDhaka, Paragon Enterpries Ltd.g350.00l0o320.954 CHI 1994r2017-02-04 00:00:00tC-1w2017-02-04yBK